| 000 | 02948nam0a2200409 4500 | ||
|---|---|---|---|
| 001 | RU\NLR\BIBL_A\012511316 | ||
| 005 | 20220420103347.0 | ||
| 010 |
_a978-5-94279-498-9 _925 |
||
| 021 |
_aRU _bКН-П-20-085316 _9КН-П-20-6495 |
||
| 035 | _a(NLR Aleph) 012511316 | ||
| 035 | _a(RuMoRGB)010529011 | ||
| 090 |
_a12273325 _c12273325 |
||
| 100 | _a20210427d2020 k y0rusy50 ca | ||
| 101 | 0 | _arus | |
| 102 | _aRU | ||
| 105 | _aac||z|||000zb | ||
| 181 | 0 |
_ai _baxxe |
|
| 182 | 0 | _an | |
| 200 | 1 |
_aСортовую агротехнику полевых культур - в производство _eматериалы Всероссийской научно-практической конференции, посвященной 80-летию со дня рождения профессора кафедры растениеводства Ивана Васильевича Осокина (Пермь, 3 апреля 2020 года) _fМинистерство сельского хозяйства Российской Федерации, Федеральное государственное бюджетное образовательное учреждение высшего образования "Пермский государственный аграрно-технологический университет имени академика Д. Н. Прянишникова" _gнаучная редколлегия: С. Л. Елисеев, д-р с.-х. наук, профессор [и др.] |
|
| 203 |
_aТекст _bвизуальный _cнепосредственный |
||
| 210 |
_aПермь _cПрокростъ _d2020 |
||
| 215 |
_a145, [1] с. _cил., портр., табл. _d29 |
||
| 320 | _aБиблиогр. в конце ст. | ||
| 600 | 1 |
_aОсокин _bИ. В. _f1940 _gИван Васильевич _92478763 _3RU\NLR\AUTH\6601688295 |
|
| 606 | 1 |
_aПолевые культуры _jСъезды, совещания и т.п _xАгротехника адаптивная _92468587 _3RU\NLR\AUTH\661466334 |
|
| 686 | 1 | _aП21д(2)Осокин | |
| 686 | 1 | _aП21-4я431(2) | |
| 702 | 1 |
_aЕлисеев _bС. Л. _gСергей Леонидович _4340 |
|
| 702 | 1 |
_aОсокин _bИ. В. _f1940-2008 _gИван Васильевич _4280 |
|
| 711 | 1 | 2 |
_a"Сортовую агротехнику полевых культур - в производство", всероссийская научно-практическая конференция _eПермь _f2020 _9748742 _3RU\NLR\AUTH\880542232 |
| 712 | 0 | 2 |
_4570 _aПермский государственный аграрно-технологический университет им. Д. Н. Прянишникова _9592234 _3RU\NLR\AUTH\880464853 |
| 942 | _cBOOK | ||
| 980 | _aNBR | ||
| 980 | _aNB | ||